Países da Ásia - Statistics

Estatísticas Gerais
  • Esse quiz foi jogado 40 vezes
  • A pontuação média é 29 de 49
Respostas no mapa
Respostas codificadas por cores de uma escala verde-vermelha no mapa do quiz de acordo com a % correta abaixo.
 
Estatísticas das Respostas
Resposta % Correto
Japão
79%
Arábia Saudita
76%
China
76%
Coreia do Norte
76%
Coreia do Sul
76%
Índia
72%
Indonésia
72%
Irão
72%
Cazaquistão
69%
Mongólia
69%
Afeganistão
66%
Chipre
66%
Iraque
66%
Israel
66%
Jordânia
66%
Iémen
62%
Maldivas
62%
Omã
62%
Paquistão
62%
Turquia
62%
Arménia
59%
Bangladesh
59%
Camboja
59%
Emirados Árabes Unidos
59%
Filipinas
59%
Líbano
59%
Malásia
59%
Rússia
59%
Sri Lanka
59%
Azerbaijão
55%
Birmânia
55%
Butão
55%
Catar
55%
Laos
55%
Taiwan
55%
Vietname
55%
Geórgia
52%
Nepal
52%
Quirguistão
52%
Timor-Leste
52%
Brunei
48%
Kuweit
48%
Síria
48%
Tailândia
48%
Turquemenistão
48%
Bahrein
45%
Tajiquistão
45%
Uzbequistão
45%
Singapura
41%
Nenhum quiz correspondente encontrado
Distribuição das Pontuações
Porcentagem de Pessoas com Cada Pontuação
Percentil de Números Respondidos
Sua Pontuação Histórica
Você não jogou esse quiz